Report of Professor Emmons, on his geological survey of North Carolina. (Record no. 24169)

MARC details
000 -LEADER
fixed length control field 00850cam a22002651 4500
001 - CONTROL NUMBER
control field gs 05000229
003 - CONTROL NUMBER IDENTIFIER
control field DLC
005 - DATE AND TIME OF LATEST TRANSACTION
control field 20260227111300.0
008 - FIXED-LENGTH DATA ELEMENTS--GENERAL INFORMATION
fixed length control field 770726s1852 ncu 00000 eng c
010 ## - LIBRARY OF CONGRESS CONTROL NUMBER
LC control number gs 05000229 //r51
035 ## - SYSTEM CONTROL NUMBER
System control number ocl72861626
040 ## - CATALOGING SOURCE
Original cataloging agency U.S. Geol. Survey. Libr.
Transcribing agency DSI
043 ## - GEOGRAPHIC AREA CODE
Geographic area code n-us-nc
050 0# - LIBRARY OF CONGRESS CALL NUMBER
Classification number QE147
Item number .A12 1852
110 10 - MAIN ENTRY--CORPORATE NAME
Corporate name or jurisdiction name as entry element North Carolina.
Subordinate unit State geologist.
245 10 - TITLE STATEMENT
Title Report of Professor Emmons, on his geological survey of North Carolina.
260 0# - PUBLICATION, DISTRIBUTION, ETC.
Place of publication, distribution, etc. Raleigh,
Name of publisher, distributor, etc. S. Gales, printer to the legislature,
Date of publication, distribution, etc. 1852.
300 ## - PHYSICAL DESCRIPTION
Extent 181, [1] p.
Dimensions 24 cm.
500 ## - GENERAL NOTE
General note At head of title: Executive document no. 13.
500 ## - GENERAL NOTE
General note "First annual report."
500 ## - GENERAL NOTE
General note No more published.
650 #0 - SUBJECT ADDED ENTRY--TOPICAL TERM
Topical term or geographic name entry element Geology
Geographic subdivision North Carolina.
650 #0 - SUBJECT ADDED ENTRY--TOPICAL TERM
Topical term or geographic name entry element Soils
Geographic subdivision North Carolina.
700 10 - ADDED ENTRY--PERSONAL NAME
Personal name Emmons, Ebenezer,
Dates associated with a name 1799-1863.

No items available.

Powered by Koha